000 00551nam a2200205Ia 4500
003 GCL
008 140319s9999 xx 000 0 eng d
040 _aGCL /
_cGCL
082 0 4 _a895.1
_bP H
100 1 _aPAK - SSIDJON
245 1 0 _aHISTOIRE DE DAME PAK - SSIDJON TRADUIT PAR MARC ORANGE /
_cPAK - SSIDJON
700 1 _aSUK - HYANG DJON
700 1 _aORANGE, MARE
260 _a[S.N] :
_bL'ASOATHEQUE ،
_c1982
300 _a196 P
650 0 4 _aLITERATURE
650 0 4 _aLITERATURE - CHINA
650 0 4 _aFICTION - CHINESE
942 _2ddc
_cBK
999 _c16334
_d16334